| 000 | 01273nam a2200313 p 4500 | ||
|---|---|---|---|
| 999 |
_c129962 _d129962 |
||
| 001 | 4131090 | ||
| 003 | ARRUPE | ||
| 005 | 20191112095916.0 | ||
| 008 | 761129s1976 ne b 101 0 eng | ||
| 010 | _a 76379453 | ||
| 015 | _aNe76-37 | ||
| 020 |
_a0202900371 (Aldine) : _cfl 45.50 |
||
| 040 |
_aDLC _cDLC _dDLC |
||
| 050 | 0 | 0 |
_aGN397.5 _b.D48 |
| 082 | 0 | 0 | _a309.2/12 |
| 245 | 0 | 0 |
_aDevelopment from below : _banthropologists and development situations / _ceditor, David C. Pitt. |
| 260 |
_aThe Hague : _bMouton ; _aChicago : _bdistributed in the USA and Canada by Aldine, _c[1976] |
||
| 300 |
_ax, 277 p. ; _c24 cm. |
||
| 440 | 0 |
_aWorld anthropology _948470 |
|
| 500 | _aPapers prepared for the 9th International Congress of Anthropological and Ethnological Sciences held in Chicago, 1973. | ||
| 504 | _aIncludes bibliographies and indexes. | ||
| 650 | 0 |
_aApplied anthropology _xCongresses. _948489 |
|
| 650 | 0 |
_aEconomic development _xSocial aspects _xCongresses. _942925 |
|
| 650 | 0 |
_aCommunity development _xCongresses. _948490 |
|
| 700 | 1 |
_aPitt, David C. _948491 |
|
| 711 | 2 |
_aInternational Congress of Anthropological and Ethnological Sciences, _b9th, _cChicago, _d1973. _948492 |
|
| 906 |
_a7 _bcbc _corignew _d3 _encip _f19 _gy-gencatlg |
||
| 942 |
_2lcc _cMONOGRAPH |
||